| 000 | 00415nam a2200157Ia 4500 | ||
|---|---|---|---|
| 008 | 210210b1999 xxu||||| |||| 00| 0 eng d | ||
| 020 | _a81 7493 444 8 | ||
| 082 | _a658.83 MISM | ||
| 100 | _aMISHRA (M N). | ||
| 245 | _aModern marketing research. | ||
| 260 |
_aDelhi. _bHimalaya Publishing House _c1999 |
||
| 300 | _ax,348 | ||
| 650 | _aMarketing Research | ||
| 690 | _aMarketing Management | ||
| 906 | _a054566 | ||
| 999 |
_c102590 _d102590 |
||